[Event "45th Olympiad 2024"]
[Site "Budapest HUN"]
[Date "2024.09.14"]
[Round "4.61"]
[Board "3"]
[White "Cheikhna, Mohamed Lemine"]
[Black "Galvez Dastin, Eduardo"]
[Result "1/2-1/2"]
[WhiteElo "1884"]
[BlackElo "2100"]
[PlyCount "86"]
[EventDate "2024.09.11"]
[WhiteTeam "Mauritania"]
[BlackTeam "Guatemala"]
[WhiteTeamCountry "MAU"]
[BlackTeamCountry "GUA"]

1. e4 c6 2. Nf3 d5 3. d3 Bg4 4. Nbd2 e6 5. Be2 ({RR} 5. h3 Bh5 6. g4 Bg6 7. h4 h5 8. Ne5 Bh7 9. g5 Bd6 10. g6 fxg6 11. Ndf3 Qc7 12. d4 Ne7 13. Ng5 Bxe5 14. dxe5 Bg8 15. Be3 Nd7 16. f4 O-O-O 17. Qd2 dxe4 18. O-O-O Nb6 19. Qxd8+ Qxd8 {1-0 Kovalev,V (2620)-Firouzja,A (2786) Titled Tue 13th Jun Late 2023 (5)}) 5... Nf6 6. O-O dxe4 $146 ({RR} 6... Be7 7. Ne5 Bxe2 8. Qxe2 O-O 9. Re1 Nbd7 10. Nef3 h6 11. b3 a5 12. a4 Qc7 13. e5 Nh7 14. Bb2 b5 15. h4 Bb4 16. c3 Be7 17. g3 Qb7 18. Bc1 Rfc8 19. Nd4 Nc5 20. N2f3 bxa4 21. bxa4 {½-½ Gordyk,L (2166)-Eljanov,P (2672) Titled Tuesday intern op 9th June blitz 2020 (3)}) ({RR} 6... Nbd7 7. h3 Bxf3 8. Bxf3 Bd6 9. c3 Ne5 10. Be2 dxe4 11. dxe4 Qc7 12. Qc2 O-O-O 13. b4 Ng6 14. Nc4 Nf4 15. Nxd6+ Qxd6 16. Bf3 g5 17. Be3 a6 18. Rfd1 Qc7 19. a4 h6 20. b5 cxb5 21. axb5 {1-0 Daurimbetov,A (2067)-Stead,K (1895) Titled Tue 20th Feb Early 2024 (4)}) ({RR} 6... a5 7. a4 Be7 8. b3 O-O 9. Bb2 Na6 10. Re1 Bb4 11. c3 Be7 12. Qc2 Rc8 13. Rad1 Qb6 14. h3 Bh5 15. g4 Bg6 16. Ne5 Rfd8 17. Nxg6 hxg6 18. Kg2 dxe4 19. dxe4 g5 20. Nc4 Qc7 21. Bc1 {1-0 Janik,I (2525)-Anton Guijarro,D (2693) Wch Blitz Warsaw 2021 (9)}) ({RR} 6... Be7 7. Re1 O-O 8. c3 c5 9. exd5 Qxd5 10. Nf1 Nc6 11. Ne3 Qd7 12. Nxg4 Nxg4 13. Bf4 Bd6 14. Bxd6 Qxd6 15. Qc2 Nce5 16. Nxe5 Nxe5 17. Rad1 Rad8 18. d4 Nc6 19. dxc5 Qxc5 20. Qe4 g6 21. h4 {½-½ Kazi Zarin,T (1812)-Wankhade Sanskruti (1591) 14th KIIT Cat A Open 2023 (5.68)}) 7. dxe4 Bc5 8. c3 a5 9. a4 Nbd7 10. Qc2 O-O 11. Nc4 Qc7 12. Bg5 Bh5 13. Rad1 Bg6 14. Bd3 b5 15. axb5 cxb5 16. Ncd2 Ne5 17. Nxe5 Qxe5 18. Nf3 Qb8 19. Qe2 Ra7 20. Bxf6 gxf6 21. e5 b4 22. cxb4 Qxb4 23. exf6 Rb7 24. Bxg6 hxg6 25. Qe5 Rb5 26. Qg3 Bb6 27. Rd7 Qxb2 28. Qd6 Qxf6 29. Qc6 Qb2 30. h4 Rc5 31. Qd6 Rd5 32. Qc6 Rxd7 33. Qxd7 Rd8 34. Qe7 Qb4 35. Qf6 Qf8 36. Rb1 Rb8 37. Rd1 Qg7 38. Qf4 Rd8 39. Rb1 Bd4 40. Qc7 Bf6 41. Qxa5 Qh6 42. g3 Qf8 43. Kg2 Qd6 1/2-1/2

[Event "45th Olympiad 2024"]
[Site "Budapest HUN"]
[Date "2024.09.14"]
[Round "4.61"]
[Board "4"]
[White "Garcia Fuentes, Sergio Miguel"]
[Black "Abdou Ahmed Alem"]
[Result "1/2-1/2"]
[WhiteElo "2114"]
[BlackElo "1897"]
[PlyCount "85"]
[EventDate "2024.09.11"]
[WhiteTeam "Guatemala"]
[BlackTeam "Mauritania"]
[WhiteTeamCountry "GUA"]
[BlackTeamCountry "MAU"]

1. e4 c6 2. Nf3 d5 3. Nc3 dxe4 4. Nxe4 Nf6 5. Qe2 Nxe4 6. Qxe4 Qd5 7. Qh4 Bf5 8. Bc4 Qe4+ 9. Qxe4 Bxe4 10. Bxf7+ Kd8 11. Bb3 Bxf3 12. gxf3 g6 $146 ({RR} 12... e5 13. d3 Bd6 14. Bg5+ Kc7 15. Ke2 Nd7 16. Rag1 Nc5 17. Be3 g6 18. Bxc5 Bxc5 19. h4 Be7 20. Rg4 Rhf8 21. c3 Rae8 22. Bc2 Rf4 23. Rxf4 exf4 24. Kd2 h6 25. d4 g5 26. h5 Bf6 27. b4 {1-0 Wong Castaneda,A (2182)-Calle Ordonez,A (1991) Fincas Mediterranea 2nd 2005 (2)}) ({RR} 12... e5 13. Rg1 Nd7 14. d3 Nc5 15. Be3 g6 16. f4 exf4 17. Bxf4 Bg7 18. O-O-O Kd7 19. Be3 Nxb3+ 20. axb3 a5 21. c3 b5 22. Kc2 Be5 23. h4 Rhf8 24. h5 Rf6 25. hxg6 hxg6 26. Rg4 Ke6 27. Rdg1 {0-1 Popzafirov,D (1895)-Tsonkov,T (1878) ch-BUL 2024 Sofia BUL (9.8)}) ({RR} 12... e5 13. d3 Nd7 14. f4 Kc7 15. fxe5 Nxe5 16. Bf4 Bd6 17. Bg3 Nf3+ 18. Ke2 Rhf8 19. Raf1 a5 20. c3 a4 21. Bc2 a3 22. b4 Rf6 23. d4 Re8+ 24. Kd1 h5 25. h4 Bxg3 26. fxg3 Re3 27. Rf2 {0-1 Silva,P (2220)-Manukian,A (2196) Titled Tue 26th Dec Early 2023 (8)}) 13. d4 Bg7 14. Be3 Rf8 15. h4 Nd7 16. h5 Kc7 17. hxg6 hxg6 18. Rh7 Bf6 19. O-O-O Rh8 20. Rxh8 Rxh8 21. f4 Rh2 22. Rg1 Bh4 23. f5 g5 24. f4 Re2 25. Bd2 gxf4 26. Bxf4+ Kb6 27. c4 Bf2 28. Rd1 Re4 29. c5+ Kb5 30. Bd2 Bxd4 31. Bc2 Rg4 32. b4 Ne5 33. a4+ Kc4 34. Kb1 Nf3 35. Bc1 Rg1 36. Ba3 Rxd1+ 37. Bxd1 Nh4 38. Bc2 Ng2 39. Ka2 Ne3 40. Bb3+ Kd3 41. Be6 Kc2 42. Bb3+ Kd3 43. Be6 1/2-1/2

[Event "45th Olympiad 2024"]
[Site "Budapest HUN"]
[Date "2024.09.14"]
[Round "4.62"]
[Board "3"]
[White "Mizzi, Jack"]
[Black "Grassi, Enrico"]
[Result "1-0"]
[WhiteElo "2053"]
[BlackElo "1965"]
[PlyCount "51"]
[EventDate "2024.09.11"]
[WhiteTeam "Malta"]
[BlackTeam "San Marino"]
[WhiteTeamCountry "MLT"]
[BlackTeamCountry "SMR"]

1. d4 Nf6 2. Nf3 g6 3. c4 c5 4. d5 b5 5. cxb5 a6 6. bxa6 Bg7 7. Nc3 O-O 8. e4 d6 9. h3 Qa5 10. Bd2 Bxa6 11. Bxa6 ({RR} 11. Be2 Nbd7 12. O-O Rfb8 13. Rb1 Bxe2 14. Qxe2 Qa6 15. Qe3 Ne8 16. Rfe1 Nc7 17. Qg5 Bf6 18. Qg4 Qc8 19. Bg5 Nb5 20. Bxf6 exf6 21. Nd2 Qc7 22. Nxb5 Rxb5 23. Qe2 Rb7 24. a3 Qb8 25. Nc4 Ne5 {0-1 Gdanski,J (2532)-Jakubiec,A (2490) POL-chT 62th 2006 (1)}) 11... Nxa6 12. O-O Rfb8 13. e5 $146 ({RR} 13. b3 Nd7 14. Na4 Qd8 15. Bc3 Bxc3 16. Nxc3 Qa5 17. Qd2 c4 18. bxc4 Rc8 19. Nb5 Qa4 20. Rfc1 Rxc4 21. Rxc4 Qxc4 22. Nbd4 Nac5 23. Qf4 Rxa2 24. Rxa2 Qxa2 25. Ng5 Nf6 26. Nc6 Kf8 27. Nd8 Ncxe4 {0-1 Ercan,S (2086)-Gassner,Y (1993) 49th OKU 2024 (1.20)}) ({RR} 13. Rb1 Nd7 14. a4 Nb6 15. Be1 {½-½ Chloupek,S (2335)-Horak,M (2325) CZE-ch op Nymburk 1997}) 13... dxe5 14. Nxe5 Qb6 15. Nc4 Qd8 16. Bf4 Rb7 17. Qf3 Rb4 18. b3 Ra7 19. Rfd1 Ne8 20. Rac1 Nd6 21. Nxd6 exd6 22. Ne4 Rd7 23. Bg5 Qe8 24. Re1 Rxe4 25. Rxe4 Be5 26. Bf6 1-0

[Event "45th Olympiad 2024"]
[Site "Budapest HUN"]
[Date "2024.09.14"]
[Round "4.62"]
[Board "4"]
[White "Piva, Michele"]
[Black "Zerafa, Patrick"]
[Result "0-1"]
[WhiteElo "1721"]
[BlackElo "1986"]
[PlyCount "72"]
[EventDate "2024.09.11"]
[WhiteTeam "San Marino"]
[BlackTeam "Malta"]
[WhiteTeamCountry "SMR"]
[BlackTeamCountry "MLT"]

1. d4 Nf6 2. c4 g6 3. Nc3 Bg7 4. Nf3 d6 5. e4 O-O 6. Bd3 Nc6 7. a3 ({RR} 7. d5 Nb4 8. Be2 e5 9. a3 Na6 10. Bg5 h6 11. Bh4 Qe8 12. Nd2 Nh7 13. b4 f5 14. f3 Bf6 15. Bf2 Bg5 16. c5 Be7 17. Bc4 Kh8 18. Nb3 Nf6 19. Qe2 fxe4 20. Nxe4 Nb8 21. O-O Nbd7 {1-0 Skembris,S (2477)-Moutousis,K (2437) GRE-ch Athens 1999 (7)}) 7... e5 ({RR} 7... Bg4 8. Be2 Nd7 9. Be3 Bxf3 10. Bxf3 e5 11. d5 Nd4 12. O-O c5 13. dxc6 bxc6 14. Bxd4 exd4 15. Ne2 Rb8 16. b4 c5 17. Rb1 Ne5 18. Nf4 Bh6 19. Nd5 Nxc4 20. bxc5 Rxb1 21. Qxb1 Nd2 22. Qb7 {1-0 MY,A (1563)-Saito,V (2138) Kasparov CF University Cup rapid 2022 (6.201)}) 8. Be3 $146 ({RR} 8. d5 Nd4 9. Nxd4 exd4 10. Ne2 Qe8 11. Ng3 c5 12. Bf4 Qe7 13. O-O Re8 14. Re1 Nd7 15. Ra2 b6 16. b3 f6 17. Rae2 Ne5 18. f3 a5 19. a4 Bd7 20. Bc1 Qf7 21. h3 Nxd3 22. Qxd3 Bf8 {1-0 Jestico,J-Foley,P Southend op London 2005 (4)}) ({RR} 8. d5 Ne7 9. O-O Nd7 10. b4 f5 11. Rb1 f4 12. Bb2 Nf6 13. c5 a6 14. Bc4 Kh8 15. Qc2 h6 16. h3 g5 17. Nh2 g4 18. hxg4 Nxg4 19. Nxg4 Bxg4 20. f3 Bc8 21. Kf2 Ng6 22. Rh1 Qg5 {1-0 Lischer,T (1545)-Link,W (1418) Dortmund7 2003 (10)}) ({RR} 8. dxe5 dxe5 9. Nd5 Bg4 10. h3 Bxf3 11. gxf3 Nd4 12. Be3 c6 13. Bxd4 exd4 14. Nxf6+ Qxf6 15. Qe2 Rfe8 16. h4 h5 17. Kd2 b5 18. c5 a5 19. b3 Qe7 20. Rac1 Bh6+ 21. Kc2 Qxc5+ 22. Kb2 Bxc1+ {0-1 Juarez Aceituno,C-Blanco Gramajo,C Guatemala tt Navideno 1992}) 8... Ng4 9. d5 Nxe3 10. fxe3 Ne7 11. h4 h6 12. Nh2 f5 13. Kd2 c6 14. h5 g5 15. Nf3 f4 16. Nxg5 hxg5 17. h6 Bf6 18. Qh5 Qe8 19. h7+ Kh8 20. Qe2 Qg6 21. Rh2 Bg7 22. Rah1 Bd7 23. Qe1 Rf6 24. Be2 Qf7 25. Bh5 Ng6 26. Nd1 b5 27. Qe2 bxc4 28. Qxc4 cxd5 29. exd5 Rc8 30. Qe2 Qxd5+ 31. Ke1 Bb5 32. Qg4 Rc2 33. g3 Be2 34. Rxe2 Qxh1+ 35. Kf2 Qxd1 36. exf4 Qxe2+ 0-1

[Event "45th Olympiad 2024"]
[Site "Budapest HUN"]
[Date "2024.09.14"]
[Round "4.63"]
[Board "2"]
[White "Alho, Diogo"]
[Black "Weldegebriel Beraki, Kibrom"]
[Result "1-0"]
[WhiteElo "2192"]
[BlackElo "1885"]
[PlyCount "61"]
[EventDate "2024.09.11"]
[WhiteTeam "Cape Verde"]
[BlackTeam "Eritrea"]
[BlackTeamCountry "ERI"]

1. d4 Nf6 2. c4 e6 3. Nc3 d5 4. cxd5 exd5 5. Bg5 c6 6. e3 h6 7. Bh4 Bd6 8. Qc2 O-O 9. Bd3 a5 ({RR} 9... Re8 10. Nf3 Be6 11. Ne5 c5 12. O-O cxd4 13. exd4 Nc6 14. Nxc6 bxc6 15. Bg3 Bxg3 16. hxg3 Ng4 17. Bf5 Qf6 18. Bxg4 Bxg4 19. Qd2 Rab8 20. Rfe1 Rxe1+ 21. Rxe1 Qg5 22. Qxg5 hxg5 23. b3 Rb4 24. f3 {1-0 Sarana,A (2654)-Esipenko,A (2682) Chess.com U20 Speed blitz 2020 (1.17)}) ({RR} 9... Re8 10. Nf3 Be6 11. Ne5 c5 12. O-O cxd4 13. exd4 Nc6 14. Nxc6 bxc6 15. Bg3 Bxg3 16. hxg3 Ng4 17. Na4 Qg5 18. Be2 Bf5 19. Qd1 Rxe2 20. Qxe2 Qh5 21. Qxg4 Bxg4 22. Rfe1 f6 23. Re7 Re8 24. Rae1 {0-1 Senft,S (2107)-Rosen,E (2361) Titled Tue 16th Jan Late 2024 (3)}) 10. f3 $146 ({RR} 10. Nf3 Na6 11. a3 Re8 12. O-O Nc7 13. Kh1 Bg4 14. Ng1 Bd7 15. Rae1 Ne6 16. Nf3 Nf8 17. Na4 Bg4 18. Nd2 g5 19. Bg3 Bxg3 20. fxg3 N8d7 21. h3 Be6 22. g4 Qc7 23. Rf3 Kg7 24. Nf1 h5 {0-1 Vivekananthan,A (2239)-Matros,A (2417) Charlotte CCCSA Fall IM 2020 (5)}) 10... Re8 11. e4 dxe4 12. fxe4 c5 13. dxc5 Bxc5 14. O-O-O Nc6 15. Bb5 Bd4 16. Nge2 Qb6 17. Nxd4 Nxd4 18. Rxd4 Qxd4 19. Bxf6 Qxf6 20. Bxe8 b5 21. Bxb5 Be6 22. Bc6 Rc8 23. Bd5 Qe5 24. Bxe6 Qxe6 25. Rf1 Qc4 26. Rd1 a4 27. Qd3 Qxa2 28. Qd8+ Kh7 29. Qxc8 Qb3 30. Qf5+ g6 31. Qd5 1-0

[Event "45th Olympiad 2024"]
[Site "Budapest HUN"]
[Date "2024.09.14"]
[Round "4.64"]
[Board "1"]
[White "Michaelides, Konstantinos"]
[Black "Muhammed, Shuaau"]
[Result "1-0"]
[WhiteElo "2297"]
[BlackElo "2052"]
[PlyCount "51"]
[EventDate "2024.09.11"]
[WhiteTeam "Cyprus"]
[BlackTeam "Maldives"]
[WhiteTeamCountry "CYP"]
[BlackTeamCountry "MDV"]

1. d4 d5 2. Nf3 Nf6 3. Bf4 e6 4. e3 Bd6 5. Nbd2 Bxf4 6. exf4 Qd6 7. g3 c5 8. dxc5 Qxc5 9. Bd3 O-O 10. O-O Nc6 11. c3 b5 ({RR} 11... b6 12. Re1 Bb7 13. Nb3 Qd6 14. Nbd4 Nxd4 15. Nxd4 Rfe8 16. Bb5 Re7 17. a4 a6 18. Bf1 e5 19. Nf5 Qd7 20. Nxe7+ Qxe7 21. Rxe5 Qc5 22. Qd4 Qc7 23. Rae1 a5 24. Re7 Qc8 25. Bb5 h6 26. Qxb6 {1-0 Tristan,L (2515)-Hamley,R (2101) Titled Tue 23rd Jan Late 2024 (3)}) 12. a3 $146 ({RR} 12. Ne5 Bb7 13. Qe2 a6 14. Ndf3 Rad8 15. g4 Ne7 16. Nd4 Ng6 17. Bxg6 hxg6 18. Nxg6 fxg6 19. Rfe1 Rfe8 20. Nxe6 Qe7 21. Nxd8 Qxe2 22. Rxe2 Rxe2 23. Nxb7 Nxg4 24. Nc5 Rxb2 25. Nxa6 Nxf2 26. a4 Nh3+ {0-1 Key,G-Van Trotsenburg,B Den Haag DD Opgaven Toernooi-B 1922 (3)}) ({RR} 12. Ne5 Bb7 13. Qe2 {½-½ Rubinstein,A-Capablanca,J British CF-15 London International 1922 (14)}) ({RR} 12. Ne5 Bb7 13. Qe2 a6 14. Rfd1 Rfd8 15. h3 Rac8 16. Nb3 Qb6 17. Nxc6 Bxc6 18. Qe3 Qxe3 19. fxe3 Nd7 20. Rd2 Kf8 21. Rad1 Ke7 22. Kf2 h6 23. h4 f5 24. Nd4 Nf6 25. Ke2 Be8 26. Re1 Bh5+ {½-½ Oskam,G-Fick,L Den Haag DD Opgaven Toernooi-A 1922 (4)}) 12... Bb7 13. Qe2 a6 14. Rfe1 Qb6 15. Nb3 Rfe8 16. Rad1 Rab8 17. Ne5 Ba8 18. g4 Nxe5 19. fxe5 Nd7 20. Nd4 Nc5 21. g5 Bc6 22. Qh5 g6 23. Qh6 a5 24. Re3 b4 25. Rh3 bxc3 26. Bxg6 1-0

[Event "45th Olympiad 2024"]
[Site "Budapest HUN"]
[Date "2024.09.14"]
[Round "4.64"]
[Board "2"]
[White "Mohamed, Hassan MDV"]
[Black "Isaakidis, Alexandros"]
[Result "0-1"]
[WhiteElo "1880"]
[BlackElo "2155"]
[PlyCount "104"]
[EventDate "2024.09.11"]
[WhiteTeam "Maldives"]
[BlackTeam "Cyprus"]
[WhiteTeamCountry "MDV"]
[BlackTeamCountry "CYP"]

1. d4 Nf6 2. Nf3 c5 3. e3 g6 4. b3 Bg7 5. Bb2 cxd4 6. Nxd4 O-O 7. Be2 d5 8. O-O Nc6 ({RR} 8... e5 9. Nf3 e4 10. Nd4 Nc6 11. c4 Ne5 12. Nd2 Bg4 13. cxd5 Bxe2 14. Qxe2 Qxd5 15. Rfd1 Rfd8 16. Nb5 Neg4 17. h3 Nh6 18. Nc7 Qf5 19. Nxa8 Rxa8 20. Nf1 g5 21. Ng3 Qg6 22. Rd6 g4 23. Rad1 {0-1 Pancewicz,S (2041)-Janeczko,J (2246) Jana Maciei Mem 2024 (8.28)}) 9. Nd2 Re8 $146 ({RR} 9... a6 10. Rc1 Qa5 11. a4 Rd8 12. Qe1 Qb6 13. h3 Re8 14. N2f3 Ne4 15. Bd3 Nc5 16. Nxc6 Bxb2 17. Rb1 Bg7 18. Nb4 Qd6 19. Rd1 e6 20. Be2 Qc7 21. Na2 Bd7 22. Bd3 b5 23. a5 Rac8 24. b4 {0-1 Powalla,K-Stimpel,F (2255) Hessenliga Germany 1995}) ({RR} 9... Nxd4 10. Bxd4 b6 11. c4 Bb7 12. Bf3 Rc8 13. Qb1 Qd7 14. Qb2 Rfd8 15. Rac1 Ne8 16. cxd5 Bxd5 17. Rxc8 Rxc8 18. h3 Bxf3 19. Nxf3 Bxd4 20. Nxd4 Nd6 21. Rd1 Nf5 22. Rd2 Nxd4 23. Rxd4 Qc7 24. Rd1 {1-0 Libura,W (2273)-Prazak,L Nachod op 5th 1999 (7)}) ({RR} 9... Qc7 10. Nxc6 bxc6 11. c4 Ng4 12. Bxg4 Bxb2 13. Rb1 Bg7 14. Bxc8 Raxc8 15. Qc2 Rfd8 16. Nf3 Qb7 17. Rbc1 e6 18. Qe2 a5 19. e4 Qa6 20. Rfe1 dxe4 21. Qxe4 c5 22. Rcd1 a4 23. h4 axb3 24. axb3 {½-½ Watson,B (2260)-Dive,R (2448) NZL-ch 107th 1999 (5)}) 10. N2f3 Ne4 11. Nxc6 bxc6 12. Bxg7 Kxg7 13. Qd4+ f6 14. Rfd1 e5 15. Qb2 Qb6 16. c4 Be6 17. Rac1 Rac8 18. h3 a5 19. Bd3 Nc5 20. Bf1 Re7 21. Qa1 Qb4 22. g4 h6 23. Nh4 Qb8 24. Qc3 Qb6 25. Qc2 e4 26. Ng2 g5 27. Qc3 dxc4 28. Bxc4 Bxc4 29. Qxc4 Nd3 30. Rc2 Qb4 31. Qa6 Rd8 32. Rxc6 Red7 33. Rc4 Qe7 34. Qc6 Ne5 35. Rxd7 Rxd7 36. Qxe4 Nxc4 37. Qxc4 Rd1+ 38. Kh2 Qd6+ 39. f4 Rd2 40. Qe4 Qd7 41. a3 Qd5 42. Qe7+ Qf7 43. Qc5 Qb7 44. e4 gxf4 45. Qxa5 Qd7 46. Qc3 Rd3 47. Qc5 Rd2 48. Qc3 Re2 49. a4 Qd6 50. Qf3 Qd2 51. Kg1 Qd4+ 52. Kh2 Rf2 0-1

[Event "45th Olympiad 2024"]
[Site "Budapest HUN"]
[Date "2024.09.14"]
[Round "4.64"]
[Board "3"]
[White "Antoniou, Rafail"]
[Black "Hussain, Nimal"]
[Result "1-0"]
[WhiteElo "2007"]
[BlackElo "1805"]
[PlyCount "81"]
[EventDate "2024.09.11"]
[WhiteTeam "Cyprus"]
[BlackTeam "Maldives"]
[WhiteTeamCountry "CYP"]
[BlackTeamCountry "MDV"]

1. c4 e5 2. g3 Nf6 3. Bg2 Bc5 4. Nc3 O-O 5. Nf3 d6 6. d4 exd4 7. Nxd4 c6 8. O-O h6 $146 ({RR} 8... Nbd7 9. Nb3 Bb4 10. Qc2 Nb6 11. a3 Bxc3 12. Qxc3 Be6 13. Nd2 Qd7 14. b3 Bh3 15. Bb2 Bxg2 16. Kxg2 Rfe8 17. e4 Re7 18. f4 Ne8 19. Rfe1 f6 20. Nf3 Qc7 21. Rad1 Nd7 22. b4 {½-½ Dawson,A (1811)-Walker,D (1956) Dundee & Angus op 2009 (3)}) ({RR} 8... a5 9. b3 Nbd7 10. Bb2 Re8 11. e3 Nf8 12. h3 Ng6 13. Qd2 Bd7 14. Rad1 Qc8 15. Kh2 Re5 16. Nf3 Rh5 17. Ng1 Ne5 18. Na4 Bxh3 19. Bxe5 Ng4+ 20. Kh1 Bxg2+ 21. Kxg2 Rh2+ 22. Kf3 Nxe5+ 23. Ke4 {0-1 Vardanyan,A (2299)-Xu,Y (2495) Titled Tue 13th Feb Early 2024 (4)}) ({RR} 8... Be6 9. b3 h6 10. e4 Qd7 11. Re1 Bh3 12. Bh1 Re8 13. a3 a6 14. b4 Ba7 15. Bf4 Ng4 16. Rc1 Qe7 {½-½ Pham Tran,P (1821)-Seifert,L (1564) Hessen-ch U18 2014 (7)}) 9. Na4 Bxd4 10. Qxd4 Be6 11. Rd1 Qa5 12. Nc3 Qc5 13. Qxd6 Qxd6 14. Rxd6 Bxc4 15. Bxh6 Ne8 16. Rd4 Bxe2 17. Bxg7 Nxg7 18. Nxe2 Na6 19. h4 Rad8 20. Rad1 Ne6 21. Rxd8 Rxd8 22. Rxd8+ Nxd8 23. Be4 Nc5 24. Bc2 Nde6 25. g4 f6 26. b4 Nd7 27. Bb3 Kf7 28. Nf4 Ndf8 29. Nxe6 Nxe6 30. f4 Ke7 31. Bxe6 Kxe6 32. f5+ Kf7 33. Kf2 b6 34. Ke3 Ke7 35. g5 Kf7 36. a4 Kg7 37. Ke4 Kf7 38. gxf6 Kxf6 39. h5 Kg5 40. Ke5 Kxh5 41. f6 1-0

[Event "45th Olympiad 2024"]
[Site "Budapest HUN"]
[Date "2024.09.14"]
[Round "4.65"]
[Board "1"]
[White "Allam, Mohamed"]
[Black "Khan, Taffin"]
[Result "1-0"]
[WhiteElo "2053"]
[BlackElo "2066"]
[PlyCount "99"]
[EventDate "2024.09.11"]
[WhiteTeam "Palestine"]
[BlackTeam "Guyana"]
[WhiteTeamCountry "PLE"]
[BlackTeamCountry "GUY"]

1. d4 Nf6 2. c4 d6 3. Nc3 Nbd7 4. e4 e5 5. Nf3 Be7 6. Be2 O-O 7. O-O c6 8. b3 Qc7 9. Bb2 ({RR} 9. d5 Rd8 10. Ne1 a6 11. f4 exf4 12. Bxf4 Ne5 13. Nd3 Ng6 14. Bg3 b6 15. dxc6 Qxc6 16. Nd5 Be6 17. N3b4 Qb7 18. Nxe7+ Nxe7 19. Bxd6 Nxe4 20. Bf3 Nf5 21. Qe1 Nfxd6 22. Nd5 Bxd5 23. cxd5 Qxd5 {0-1 Morales Mazzone,L (1382)-Osores,R (1682) Montevideo Trebejos 50 Anniv op 2022 (4)}) 9... Re8 10. Rc1 Bf8 11. Qc2 b6 $146 ({RR} 11... a6 12. Rfe1 g6 13. Bf1 Bh6 14. Rcd1 b5 15. Ba3 exd4 16. Rxd4 b4 17. Bxb4 c5 18. Bxc5 Nxc5 19. Red1 Bb7 20. Nd5 Bxd5 21. exd5 Qb6 22. Rb1 a5 23. Rh4 Bg7 24. Nd4 Re4 25. Rxe4 Ncxe4 26. Qd3 {0-1 Duffau,P (2038)-Coste,T (2200) St Chely d'Aubrac op 5th 2005 (5)}) ({RR} 11... exd4 12. Nxd4 Nc5 13. f3 Ne6 14. Qd2 Nxd4 15. Qxd4 Nd7 16. Kh1 Nc5 17. Qd2 b6 18. b4 Nb7 19. a3 Be6 20. Nd5 Qd8 21. Ne3 f6 22. f4 Qe7 23. Bd3 Kh8 24. Rf3 Rad8 25. Qc2 h6 26. Rff1 {1-0 Van Engen,H (2161)-De Visser,A (1883) Hilversum op-A 2010 (5)}) ({RR} 11... a6 12. a4 a5 13. Rfe1 b6 14. Bf1 Bb7 15. d5 c5 16. Nb5 Qd8 17. Nh4 Ba6 18. Re3 Bxb5 19. axb5 g6 20. Rh3 Nh5 21. g3 Bg7 22. Be2 Nhf6 23. Rf1 Nf8 24. f3 Qd7 25. Kg2 h6 26. g4 {½-½ Spanton,T (167)-Simpson,K (176) Torquay Paignton Rowena op 2018 (3)}) 12. Rfd1 Bb7 13. d5 Rac8 14. a4 a5 15. Ba3 c5 16. Bd3 Ba6 17. Ne2 g6 18. Rb1 Bg7 19. Bc1 h6 20. h3 Re7 21. Be3 Rf8 22. Kf1 Bc8 23. Qd2 Kh7 24. g4 Ng8 25. Ng3 Nb8 26. Ke2 Na6 27. Rbc1 Nb4 28. Bb1 Bd7 29. Rg1 Qc8 30. Nh4 f6 31. Rg2 Ref7 32. Rcg1 Ne7 33. Ke1 Rh8 34. f4 Kg8 35. f5 g5 36. Nf3 Kf8 37. Rh2 Rg8 38. h4 Ke8 39. hxg5 hxg5 40. Bxg5 Bf8 41. Bxf6 Rxg4 42. Bxe5 Nxf5 43. exf5 dxe5 44. Nxe5 Re7 45. Re2 Rd4 46. Qg5 Rg7 47. Qf6 Re7 48. d6 Nc6 49. dxe7 Nxe7 50. Qf7+ 1-0

[Event "45th Olympiad 2024"]
[Site "Budapest HUN"]
[Date "2024.09.14"]
[Round "4.65"]
[Board "4"]
[White "Pitamber, Sachin Dhilan"]
[Black "Miswadah, Baha"]
[Result "0-1"]
[WhiteElo "1719"]
[BlackElo "1957"]
[PlyCount "106"]
[EventDate "2024.09.11"]
[WhiteTeam "Guyana"]
[BlackTeam "Palestine"]
[WhiteTeamCountry "GUY"]
[BlackTeamCountry "PLE"]

1. e4 c5 2. Nc3 g6 3. Nf3 Bg7 4. d4 cxd4 5. Nxd4 Nc6 6. Be3 Nf6 7. Be2 O-O 8. Qd2 d5 9. Nxc6 bxc6 10. Rd1 Bb7 ({RR} 10... Qc7 11. Bh6 dxe4 12. Bxg7 Kxg7 13. h3 Bb7 14. O-O Rad8 15. Qe3 Qb6 16. Na4 Qxe3 17. fxe3 Nd5 18. Kf2 f5 19. Nc5 Bc8 20. c4 Nb6 21. b4 Kf6 22. Kg3 Ke5 23. a4 Rd6 24. a5 Nd7 25. Nb3 {0-1 Viennot,D (2149)-Stets,D (2426) Vaujany op 3rd 2012 (6)}) ({RR} 10... Qc7 11. exd5 cxd5 12. Nxd5 Nxd5 13. Qxd5 Be6 14. Qc5 Qxc5 15. Bxc5 Bxb2 16. Bxe7 Rfe8 17. Bg5 Bxa2 18. Be3 Bc3+ 19. Kf1 a5 20. Bd4 Bxd4 21. Rxd4 Rab8 22. Rd1 a4 23. Ra1 Rb1+ 24. Rxb1 Bxb1 25. Bb5 {0-1 Soboleva,L (1068)-Sippola,S (1531) FIN-ch (Women) 2022 (8)}) 11. e5 Nd7 12. h4 $146 ({RR} 12. f4 e6 13. O-O Qe7 14. Ne4 c5 15. Nd6 Bc6 16. Bf3 Rad8 17. Qa5 Nxe5 18. fxe5 Bxe5 19. Nc4 Bxh2+ 20. Kxh2 Qh4+ 21. Kg1 Qxc4 22. Bh6 Rfe8 23. Qc7 {1-0 Fuchs,G (2220)-Ramroth,S (1940) Wattens op 10th 1995}) ({RR} 12. f4 e6 13. h4 f6 14. h5 fxe5 15. hxg6 hxg6 16. Bg4 Qf6 17. Ne4 dxe4 18. Qxd7 Bc8 19. Qxc6 Rb8 20. O-O Bh6 21. Rd6 Bxf4 22. Rxf4 exf4 23. Bxe6+ Bxe6 24. Rxe6 Qh4 25. Rxg6+ Kh7 26. Bf2 Qh5 {1-0 Vilceanu,M (2135)-Stefirtsa,V (2100) Centrocoop June op-A 1998}) ({RR} 12. f4 e6 13. O-O Qe7 14. Na4 f6 15. exf6 Bxf6 16. c4 Bg7 17. Bd4 Bxd4+ 18. Qxd4 c5 19. Qe3 d4 20. Qg3 Nb6 21. Nxb6 axb6 22. a3 Rae8 23. Bd3 e5 24. fxe5 Rxf1+ 25. Rxf1 Qxe5 26. Qxe5 Rxe5 {1-0 Lo,Y-Columna,C Olympiad-22 Haifa 1976 (13.2)}) 12... Nxe5 13. h5 Nd7 14. hxg6 fxg6 15. Bh6 Rf7 16. Bg4 Nf8 17. Bxg7 Rxg7 18. Ne4 Qb6 19. Ng5 Qxb2 20. Be6+ Nxe6 21. Nxe6 Rf7 22. Qe3 Rf5 23. Nd4 Rf7 24. Qe6 Qb4+ 25. Kf1 Qd6 26. Rb1 Ba6+ 27. Kg1 c5 28. Rxh7 Qxe6 29. Nxe6 Rxh7 30. Nc7 Rc8 31. Nxa6 e6 32. Rb5 c4 33. Nc5 Re7 34. f4 Kf7 35. Nb7 Kf6 36. g4 Rb8 37. g5+ Kg7 38. Nd6 Rxb5 39. Nxb5 a6 40. Nd4 Kf7 41. Nf3 Rb7 42. Ne5+ Kg7 43. Nf3 Rb2 44. Nd4 Kf7 45. Kf2 Rxa2 46. Ke2 a5 47. Kd2 Ra1 48. Kc3 Rf1 49. Nc6 Rf3+ 50. Kb2 Rxf4 51. Nxa5 Rf5 52. Nb7 Rxg5 53. Nd6+ Ke7 0-1